Microcomputer systems : (Record no. 147)
[ view plain ]
| 000 -LEADER | |
|---|---|
| fixed length control field | 00859nam a2200265 a 4500 |
| 001 - CONTROL NUMBER | |
| control field | 5255 |
| 003 - CONTROL NUMBER IDENTIFIER | |
| control field | BD-DhUAP |
| 005 - DATE AND TIME OF LATEST TRANSACTION | |
| control field | 20201230150406.0 |
| 008 - FIXED-LENGTH DATA ELEMENTS--GENERAL INFORMATION | |
| fixed length control field | 200116r19961986ii a 001 0 eng d |
| 020 ## - INTERNATIONAL STANDARD BOOK NUMBER | |
| International Standard Book Number | 8120304098 |
| 040 ## - CATALOGING SOURCE | |
| Original cataloging agency | DLC |
| Transcribing agency | BD-DhUAP |
| Modifying agency | BD-DhUAP |
| Language of cataloging | Eng |
| 082 00 - DEWEY DECIMAL CLASSIFICATION NUMBER | |
| Classification number | 004.165 LIU |
| Edition number | 23 |
| 100 1# - MAIN ENTRY--PERSONAL NAME | |
| Personal name | Liu, Yu-cheng. |
| 245 10 - TITLE STATEMENT | |
| Title | Microcomputer systems : |
| Remainder of title | the 8086/8088 family : architecture, programming, and design / |
| Statement of responsibility, etc. | Yu-cheng Liu and Glenn A. Gibson. |
| 250 ## - EDITION STATEMENT | |
| Edition statement | 2nd ed. |
| 260 ## - PUBLICATION, DISTRIBUTION, ETC. | |
| Place of publication, distribution, etc. | New Delhi : |
| Name of publisher, distributor, etc. | Prentice-Hall of India, |
| Date of publication, distribution, etc. | c1986 [Reprinted 2002]. |
| 300 ## - PHYSICAL DESCRIPTION | |
| Extent | ix, 623 pages : |
| Other physical details | illustrations ; |
| Dimensions | 24 cm. |
| 500 ## - GENERAL NOTE | |
| General note | Includes index. |
| 650 #0 - SUBJECT ADDED ENTRY--TOPICAL TERM | |
| Topical term or geographic name entry element | Intel 8086 (Microprocessor) |
| 650 #0 - SUBJECT ADDED ENTRY--TOPICAL TERM | |
| Topical term or geographic name entry element | Intel 8088 (Microprocessor) |
| 700 1# - ADDED ENTRY--PERSONAL NAME | |
| Personal name | Gibson, Glenn A. |
| 942 ## - ADDED ENTRY ELEMENTS (KOHA) | |
| Source of classification or shelving scheme | |
| Koha item type | Book |
| Withdrawn status | Lost status | Source of classification or shelving scheme | Damaged status | Not for loan | Permanent Location | Current Location | Shelving location | Date acquired | Full call number | Barcode | Date last seen | Copy number | Price effective from | Koha item type | Total Checkouts | Date last checked out |
|---|---|---|---|---|---|---|---|---|---|---|---|---|---|---|---|---|
| UAP Central Library | UAP Central Library | General Stacks | 2020-01-16 | 004.165 LIU | 3010005255 | 2020-01-16 | 1 | 2020-01-16 | Book | |||||||
| UAP Central Library | UAP Central Library | General Stacks | 2020-01-16 | 004.165 LIU | 3010005252 | 2020-01-16 | 2 | 2020-01-16 | Book | |||||||
| UAP Central Library | UAP Central Library | General Stacks | 2020-01-16 | 004.165 LIU | 3010005253 | 2020-01-16 | 3 | 2020-01-16 | Book | |||||||
| UAP Central Library | UAP Central Library | General Stacks | 2020-01-16 | 004.165 LIU | 3010005259 | 2020-01-16 | 4 | 2020-01-16 | Book | |||||||
| UAP Central Library | UAP Central Library | General Stacks | 2020-01-16 | 004.165 LIU | 3010001323 | 2020-01-16 | 5 | 2020-01-16 | Book | |||||||
| UAP Central Library | UAP Central Library | General Stacks | 2020-01-16 | 004.165 LIU | 3010005250 | 2020-01-16 | 6 | 2020-01-16 | Book | |||||||
| UAP Central Library | UAP Central Library | General Stacks | 2020-01-16 | 004.165 LIU | 3010005614 | 2020-01-16 | 7 | 2020-01-16 | Book | |||||||
| UAP Central Library | UAP Central Library | General Stacks | 2020-01-16 | 004.165 LIU | 3010005615 | 2022-11-08 | 8 | 2020-01-16 | Book | 1 | 2022-01-08 | |||||
| UAP Central Library | UAP Central Library | General Stacks | 2020-01-16 | 004.165 LIU | 3010002213 | 2020-01-16 | 9 | 2020-01-16 | Book | |||||||
| UAP Central Library | UAP Central Library | General Stacks | 2020-01-16 | 004.165 LIU | 3010002212 | 2020-01-16 | 10 | 2020-01-16 | Book | |||||||
| UAP Central Library | UAP Central Library | General Stacks | 2020-01-16 | 004.165 LIU | 3010005616 | 2020-01-16 | 11 | 2020-01-16 | Book | |||||||
| UAP Central Library | UAP Central Library | General Stacks | 2020-01-16 | 004.165 LIU | 3010005613 | 2020-01-16 | 12 | 2020-01-16 | Book | |||||||
| UAP Central Library | UAP Central Library | General Stacks | 2020-12-30 | 004.165 LIU | 3010005256 | 2020-12-30 | 13 | 2020-12-30 | Book | |||||||
| UAP Central Library | UAP Central Library | Reserve Stacks | 2021-01-13 | 004.165 LIU | 3010005249 | 2021-01-13 | 14 | 2021-01-13 | Book | |||||||
| UAP Central Library | UAP Central Library | Reserve Stacks | 2021-01-13 | 004.165 LIU | 3010001322 | 2021-01-13 | 15 | 2021-01-13 | Book | |||||||
| UAP Central Library | UAP Central Library | Reserve Stacks | 2021-01-13 | 004.165 LIU | 3010005257 | 2021-01-13 | 16 | 2021-01-13 | Book | |||||||
| UAP Central Library | UAP Central Library | Reserve Stacks | 2021-01-13 | 004.165 LIU | 3010005258 | 2021-01-13 | 17 | 2021-01-13 | Book | |||||||
| UAP Central Library | UAP Central Library | Reserve Stacks | 2021-01-13 | 004.165 LIU | 3010005251 | 2021-01-13 | 18 | 2021-01-13 | Book | |||||||
| UAP Central Library | UAP Central Library | Reserve Stacks | 2021-01-17 | 004.165 LIU | 3010005254 | 2021-01-17 | 19 | 2021-01-17 | Book | |||||||
| UAP Central Library | UAP Central Library | Reserve Stacks | 2021-01-18 | 004.165 LIU | 3010005617 | 2021-01-18 | 20 | 2021-01-18 | Book |
Bengali Keyboard